[Event "Titled Tue 17th Jun Early"]
[Site "chess.com INT"]
[Date "2025.06.17"]
[Round "8"]
[White "Oparin, Grigoriy"]
[Black "Lyakh, Vasiliy"]
[Result "1-0"]
[WhiteTitle "GM"]
[WhiteElo "2660"]
[BlackElo "2123"]
[WhiteFideId "24125890"]
[BlackFideId "14189828"]
[EventDate "2025.06.17"]

1. g3 e5 2. c4 c6 3. Nf3 e4 4. Nd4 d5 5. cxd5 Qxd5 6. Nc2 Nf6 7. Nc3 Qe5 8. Bg2
h5 9. d3 exd3 10. Qxd3 Qd6 11. Qxd6 Bxd6 12. Bg5 Bf5 13. O-O-O Be7 14. e4 Be6
15. Nd4 Ng4 16. Bxe7 Kxe7 17. Rd2 Nd7 18. h3 Nge5 19. b3 c5 20. Ndb5 a6 21. Nd6
c4 22. bxc4 Nxc4 23. Nxc4 Bxc4 24. Rhd1 Rhd8 25. Bf1 Be6 26. f4 Rac8 27. Kb2 g6
28. f5 gxf5 29. exf5 Bxf5 30. Nd5+ Ke8 31. Be2 Bxh3 32. Bxh5 Be6 33. Bf3 Ne5 34.
Nc7+ Ke7 35. Rxd8 Rxd8 36. Rxd8 Kxd8 37. Nxe6+ fxe6 38. Bxb7 a5 39. Kc3 Kc7 40.
Be4 Kd6 41. Kd4 Ng4 42. Bf3 Ne5 43. Be2 Nc6+ 44. Ke4 Nb4 45. Bc4 Nc6 46. g4 Ne5
47. Be2 Nf7 48. Bd1 e5 49. Kf5 Kd5 50. Bb3+ Kd4 51. Bxf7 e4 52. g5 e3 53. Bh5
Kd3 54. g6 e2 55. Bxe2+ Kxe2 56. g7 Kd2 57. g8=Q Kc2 58. Qb3+ Kc1 59. a4 Kd2 60.
Ke4 1-0

[Event "Titled Tue 17th Jun Early"]
[Site "chess.com INT"]
[Date "2025.06.17"]
[Round "8"]
[White "Rahman, Masruri"]
[Black "Zhigalko, Sergei"]
[Result "0-1"]
[WhiteTitle "FM"]
[BlackTitle "GM"]
[WhiteElo "2407"]
[BlackElo "2572"]
[WhiteFideId "7101163"]
[BlackFideId "13502956"]
[EventDate "2025.06.17"]

1. d4 Nf6 2. Bf4 d5 3. e3 e6 4. Nd2 Bd6 5. Bg3 O-O 6. Bd3 c5 7. c3 b6 8. e4 Be7
9. e5 Ne8 10. Qh5 f5 11. Ngf3 Ba6 12. Bxa6 Nxa6 13. Bf4 Rc8 14. a3 cxd4 15. cxd4
Rc2 16. Rb1 b5 17. O-O Qc7 18. Bg5 h6 19. Bxe7 Qxe7 20. Nb3 Qf7 21. Qh3 Qc7 22.
Ne1 Rc4 23. Nd3 Qb6 24. Ndc5 Nxc5 25. Nxc5 Rf7 26. Qd3 b4 27. b3 Rc3 28. Qd2 Qb5
29. axb4 Qxb4 30. Rfd1 a5 31. Nxe6 Nc7 32. Nc5 Nb5 33. Na4 Rc6 34. Qd3 f4 35. h3
f3 36. g3 Nc3 37. Nxc3 Rxc3 38. Qg6 Rxb3 39. e6 Re7 40. Rbc1 Rc3 41. Rb1 Qd6 42.
Re1 Rc8 43. Rb5 a4 44. Ra5 Qb4 45. Re5 Qxa5 0-1

[Event "Titled Tue 17th Jun Early"]
[Site "chess.com INT"]
[Date "2025.06.17"]
[Round "8"]
[White "Gubajdullin, Alexei"]
[Black "Manukian, Artak"]
[Result "0-1"]
[WhiteTitle "FM"]
[WhiteElo "2233"]
[BlackElo "2104"]
[WhiteFideId "4141202"]
[BlackFideId "13301373"]
[EventDate "2025.06.17"]

1. Nf3 g6 2. g3 Bg7 3. Bg2 e5 4. O-O e4 5. d3 exf3 6. exf3 Ne7 7. Re1 O-O 8. Bg5
Nbc6 9. f4 f6 10. Bh4 Nf5 11. Nc3 d6 12. Nd5 Nxh4 13. gxh4 h5 14. Be4 f5 15. Bf3
Bd7 16. Kh1 Be8 17. Rg1 Bf7 18. Rg3 Ne7 19. Ne3 Kh7 20. Qg1 Bf6 21. Qg2 c6 22.
Rg1 Rg8 23. Qh3 Qd7 24. c3 Nd5 25. Ng2 b5 26. Bd1 a5 27. Bb3 a4 28. Bc2 Rae8 29.
d4 Re2 30. Bd3 Rxf2 31. Ne3 Nxe3 32. Re1 Bd5+ 33. Kg1 Rg2+ 34. Rxg2 Nxg2 35. Rf1
Nxh4 36. b3 Re8 37. Kf2 axb3 38. axb3 Qe7 39. Ra1 Bg2 40. Qg3 Be4 41. Bf1 Bg7
42. Re1 Nf3 43. Re3 Nd2 44. Be2 b4 45. Qh3 bxc3 46. Bxh5 Bxd4 47. Bxg6+ Kxg6 48.
Ke2 Bxe3 49. Qg3+ Kf7 50. Qh3 Bd3+ 51. Kd1 Qe4 52. Qh7+ Ke6 53. Qg6+ Kd7 54.
Qf7+ Re7 55. Qg8 c2+ 56. Kc1 Nxb3+ 57. Kb2 c1=Q+ 58. Ka2 Qb1+ 59. Ka3 Bc5# 0-1

[Event "Titled Tue 17th Jun Early"]
[Site "chess.com INT"]
[Date "2025.06.17"]
[Round "8"]
[White "Rosen, Eric"]
[Black "Chylewski, Patryk"]
[Result "1-0"]
[WhiteTitle "IM"]
[BlackTitle "IM"]
[WhiteElo "2377"]
[BlackElo "2313"]
[WhiteFideId "2032562"]
[BlackFideId "1186191"]
[EventDate "2025.06.17"]

1. d4 d5 2. Bf4 Nf6 3. Nf3 e6 4. e3 c5 5. Nbd2 Nc6 6. c3 cxd4 7. exd4 Nh5 8. Be3
Bd6 9. Ne5 g6 10. g4 Ng7 11. h4 f6 12. Nxc6 bxc6 13. h5 gxh5 14. gxh5 Nf5 15. h6
Qe7 16. Qh5+ Qf7 17. Be2 Qxh5 18. Bxh5+ Ke7 19. O-O-O Ba6 20. Rdg1 Rhg8 21. a4
Bd3 22. a5 Nxe3 23. fxe3 Rg5 24. Nf3 Rg3 25. Rxg3 Bxg3 26. Kd2 Be4 27. Rg1 Rg8
28. Ke2 Kf8 29. Nd2 Bf5 30. b4 Bg6 31. Bxg6 Rxg6 32. Nf1 Bd6 33. Rxg6 hxg6 34.
Kf3 Kg8 35. e4 Kh7 36. exd5 exd5 37. Ne3 Kxh6 38. a6 f5 39. c4 dxc4 40. Nxc4 Bc7
41. Ne3 Kg5 42. d5 cxd5 43. Nxd5 Bb8 44. b5 f4 45. Nb4 Bd6 46. Nd5 Bc5 47. b6
Kf5 48. b7 Bd6 49. Ne7+ Ke6 50. Nc6 Kd7 51. Nxa7 Kc7 52. Nb5+ Kb6 53. Nxd6 1-0

[Event "Titled Tue 17th Jun Early"]
[Site "chess.com INT"]
[Date "2025.06.17"]
[Round "8"]
[White "Purtseladze, Maka"]
[Black "Herman, Daniel"]
[Result "1-0"]
[WhiteTitle "IM"]
[WhiteElo "2261"]
[BlackElo "1920"]
[WhiteFideId "13602659"]
[BlackFideId "30935008"]
[EventDate "2025.06.17"]

1. d4 Nf6 2. Bg5 d5 3. Bxf6 exf6 4. e3 Bd6 5. g3 O-O 6. Bg2 c6 7. Ne2 Bg4 8. h3
Bh5 9. Qd2 Nd7 10. Nf4 Bxf4 11. gxf4 f5 12. Nc3 Nf6 13. O-O Ne4 14. Nxe4 fxe4
15. Kh2 Qh4 16. Qe1 f5 17. f3 Qxe1 18. Raxe1 exf3 19. Bxf3 Bxf3 20. Rxf3 Rae8
21. Kg3 Re4 22. Kf2 Rfe8 23. Rg1 Kf7 24. h4 b6 25. Rfg3 g6 26. h5 gxh5 27. Rh3
c5 28. c3 cxd4 29. cxd4 Rc8 30. Rxh5 Rc2+ 31. Kf3 Rxb2 32. Rxh7+ Kf8 33. Rxa7
Rc2 34. Rh1 Kg8 35. Rg1+ Kh8 36. Ra3 Re7 37. Rg5 Rf7 38. Ra8+ Kh7 39. Rd8 Rxa2
40. Rxd5 Ra5 41. Rd6 Rb5 42. Rc6 Re7 43. Rc1 Re6 44. Rh1+ Rh6 45. Rxh6+ Kxh6 46.
Ke2 Rb2+ 47. Kd3 Rb3+ 48. Kd2 Rb2+ 49. Kc3 Rb5 50. Kc4 Ra5 51. Kb4 Rd5 52. Kc3
Ra5 53. Kb3 1-0

[Event "Titled Tue 17th Jun Early"]
[Site "chess.com INT"]
[Date "2025.06.17"]
[Round "8"]
[White "Drygalov, Andrey"]
[Black "Sadubayev, Airat"]
[Result "1-0"]
[WhiteTitle "GM"]
[BlackTitle "FM"]
[WhiteElo "2431"]
[BlackElo "2211"]
[WhiteFideId "24171735"]
[BlackFideId "13713264"]
[EventDate "2025.06.17"]

1. e4 c6 2. Nf3 d5 3. d3 Qc7 4. Nc3 e6 5. g3 Nf6 6. Bg2 Be7 7. O-O O-O 8. Bf4
Qd8 9. Qe2 b6 10. Rfe1 Ba6 11. h4 Nbd7 12. e5 Ne8 13. h5 Nc7 14. h6 g6 15. Nd1
c5 16. Ne3 b5 17. Ng4 b4 18. Qd2 Nb5 19. c3 bxc3 20. bxc3 Qa5 21. Bg5 Bxg5 22.
Qxg5 Qd8 23. Qd2 Qa5 24. Qf4 Qd8 25. Rec1 Rb8 26. a4 Nc7 27. c4 Bb7 28. Ng5 Ba8
29. Rab1 Rxb1 30. Rxb1 Qe7 31. a5 Rd8 32. Bf3 Rc8 33. Ne3 Rf8 34. Ng4 Rc8 35.
Qe3 Rf8 36. Bg2 Na6 37. cxd5 exd5 38. e6 fxe6 39. Qxe6+ Qxe6 40. Nxe6 Re8 41.
Nf4 Nb4 42. d4 Na6 43. Bxd5+ Bxd5 44. Nxd5 Kf7 45. Rb7 Ke6 46. Nf4+ Kd6 47.
dxc5+ Naxc5 48. Rb1 a6 49. Rd1+ Kc6 50. Nd5 Kb5 51. Nc7+ 1-0

[Event "Titled Tue 17th Jun Early"]
[Site "chess.com INT"]
[Date "2025.06.17"]
[Round "8"]
[White "Mikhailova, Irina"]
[Black "Aarav Sinha"]
[Result "1-0"]
[WhiteTitle "WGM"]
[BlackTitle "FM"]
[WhiteElo "2143"]
[BlackElo "2255"]
[WhiteFideId "4109040"]
[BlackFideId "25674064"]
[EventDate "2025.06.17"]

1. d4 Nf6 2. Nf3 d5 3. c4 e6 4. Bg5 Be7 5. e3 O-O 6. Nc3 h6 7. Bh4 Ne4 8. Bxe7
Qxe7 9. cxd5 Nxc3 10. bxc3 exd5 11. Qb3 Rd8 12. c4 dxc4 13. Bxc4 Nc6 14. O-O Na5
15. Qc3 Nxc4 16. Qxc4 Be6 17. Qc3 Bd5 18. Ne5 f6 19. Nd3 g5 20. Rfe1 Be4 21. f3
Bxd3 22. Qxd3 Kg7 23. Rad1 c5 24. d5 Rd6 25. e4 b6 26. a4 Rc8 27. Qc3 Qe5 28.
Qxe5 fxe5 29. Kf2 c4 30. Rb1 c3 31. Rec1 Rc4 32. Rb3 Rxa4 33. Rbxc3 Ra2+ 34. Kg3
Rd7 35. Rc6 h5 36. Re6 b5 37. Rxe5 b4 38. Rxg5+ Kf6 39. Rf5+ Kg7 40. Rd1 b3 41.
e5 b2 42. e6 Rd8 43. e7 Re8 44. d6 Ra1 45. Rfd5 Rxd1 46. Rxd1 Kf7 47. d7 a5 48.
dxe8=Q+ Kxe8 49. Rb1 Kxe7 50. Rxb2 1-0

[Event "Titled Tue 17th Jun Early"]
[Site "chess.com INT"]
[Date "2025.06.17"]
[Round "8"]
[White "Rubes, Jan"]
[Black "Nayak, Rajesh"]
[Result "0-1"]
[WhiteTitle "IM"]
[BlackTitle "FM"]
[WhiteElo "2426"]
[BlackElo "2262"]
[WhiteFideId "338176"]
[BlackFideId "35017152"]
[EventDate "2025.06.17"]

1. e4 c5 2. Nf3 Nc6 3. Bb5 g6 4. O-O Bg7 5. c3 Nf6 6. Re1 O-O 7. d4 cxd4 8. cxd4
d5 9. e5 Ne4 10. Be3 Qb6 11. Bxc6 bxc6 12. Qc1 Rb8 13. b3 Bg4 14. Nfd2 Nxd2 15.
Nxd2 Rfc8 16. h3 Bf5 17. Qc3 h5 18. Rac1 Bd7 19. Qc5 Bf8 20. Kh2 Bf5 21. Qc3 Bd7
22. Rb1 e6 23. Rec1 Ba3 24. Rc2 Bb4 25. Qd3 c5 26. dxc5 Bxc5 27. Bxc5 Rxc5 28.
Rxc5 Qxc5 29. f4 Bb5 30. Qg3 Qc2 31. Qe1 Rc8 32. Nf3 Bd3 33. Rd1 Be4 34. Rd2
Bxf3 35. Rxc2 Rxc2 36. Kg3 Bxg2 37. f5 gxf5 38. Kf4 Be4 39. Qh4 d4 40. Qd8+ Kg7
41. Qxd4 Rxa2 42. Qg1+ Kh7 43. Qc5 Kg7 44. Kg5 Rg2+ 45. Kxh5 f4 46. Qxa7 f3 47.
Qe3 f2 48. Qh6+ Kg8 49. Qf4 Bd3 0-1

[Event "Titled Tue 17th Jun Early"]
[Site "chess.com INT"]
[Date "2025.06.17"]
[Round "8"]
[White "Boramanikar, Tanisha S"]
[Black "Shokirjonova, Barchinoy"]
[Result "1/2-1/2"]
[WhiteTitle "WCM"]
[BlackTitle "WFM"]
[WhiteElo "1743"]
[BlackElo "2010"]
[WhiteFideId "35023454"]
[BlackFideId "14212307"]
[EventDate "2025.06.17"]

1. e4 e6 2. d3 d5 3. Nd2 Nf6 4. Ngf3 Nc6 5. e5 Nd7 6. d4 f6 7. Qe2 Be7 8. g3 O-O
9. Bg2 f5 10. O-O Ncb8 11. Re1 c5 12. c3 Nc6 13. Nf1 b6 14. h4 a5 15. Bg5 Ba6
16. Qe3 h6 17. Bxh6 Bxf1 18. Kxf1 gxh6 19. Qxh6 Kf7 20. Ng5+ Bxg5 21. hxg5 Rh8
22. g6+ Kg8 23. Qf4 Ne7 24. c4 Nxg6 25. Qf3 cxd4 26. cxd5 Ndxe5 27. Qb3 Kg7 28.
dxe6 Ra7 29. f4 Ng4 30. Rad1 Ne3+ 31. Rxe3 dxe3 32. Rxd8 Rxd8 33. Qxe3 Re7 34.
Qxb6 Rde8 35. Bd5 Nf8 36. Qd4+ Kg6 37. g4 Nxe6 38. gxf5+ Kxf5 39. Qe5+ Kg4 40.
Qe2+ Kxf4 41. Qf2+ Ke5 42. Bxe6 Rxe6 43. Qe3+ Kd6 44. Qd4+ Kc6 45. Qc4+ Kd6 46.
Qd4+ Ke7 47. Qa7+ Kd6 48. Qd4+ 1/2-1/2

[Event "Titled Tue 17th Jun Early"]
[Site "chess.com INT"]
[Date "2025.06.17"]
[Round "8"]
[White "Villa, Ma. Elayza"]
[Black "Jimenez Fernandez, Rebeca"]
[Result "1-0"]
[BlackTitle "WFM"]
[WhiteElo "1819"]
[BlackElo "2154"]
[WhiteFideId "5224292"]
[BlackFideId "32070934"]
[EventDate "2025.06.17"]

1. d4 d5 2. Bf4 Nf6 3. e3 c5 4. c3 Nc6 5. Nd2 Qb6 6. Qc2 g6 7. Ngf3 Bg7 8. Be2
O-O 9. O-O Bf5 10. Qb3 c4 11. Qxb6 axb6 12. Ne5 Nxe5 13. Bxe5 b5 14. a3 Nd7 15.
Bxg7 Kxg7 16. Bf3 Nb6 17. e4 dxe4 18. Bxe4 Bxe4 19. Nxe4 Na4 20. Rab1 f5 21. Ng5
Rf6 22. Rfe1 h6 23. Ne6+ Kf7 24. Nc7 Ra5 25. Nd5 Re6 26. Kf1 Rxe1+ 27. Kxe1 e6
28. Nb4 Kf6 29. Kd2 Ra8 30. Kc2 Rd8 31. Re1 g5 32. Re5 b6 33. Rxb5 Rd6 34. Na2
Rd5 35. Rb4 b5 36. b3 cxb3+ 37. Kxb3 Nb6 38. Nc1 Nc4 39. Nd3 Nd2+ 40. Kc2 Ne4
41. f3 Nd6 42. a4 bxa4 43. Rxa4 g4 44. Ra6 gxf3 45. gxf3 Kg5 46. Nb4 Rb5 47.
Rxd6 Kf4 48. Rxe6 Kxf3 49. Rxh6 f4 50. Kd3 Rg5 51. Rf6 Rg2 52. Nd5 Rxh2 53.
Rxf4+ Kg3 54. c4 Rh5 55. Re4 Rf5 56. c5 Rf3+ 57. Re3 1-0

[Event "Titled Tue 17th Jun Early"]
[Site "chess.com INT"]
[Date "2025.06.17"]
[Round "8"]
[White "Bolashakov, Nurali"]
[Black "Shahinyan, Vladimir"]
[Result "0-1"]
[WhiteTitle "CM"]
[BlackTitle "CM"]
[WhiteElo "2242"]
[BlackElo "2202"]
[WhiteFideId "13792105"]
[BlackFideId "13314599"]
[EventDate "2025.06.17"]

1. e4 d5 2. exd5 Qxd5 3. Nc3 Qd6 4. d4 Nf6 5. Nf3 c6 6. Bc4 Be6 7. Bxe6 Qxe6+ 8.
Ne2 Nbd7 9. O-O Qd5 10. b3 e6 11. c4 Qh5 12. Ng3 Qg6 13. Nh4 Qg4 14. Qxg4 Nxg4
15. Nf3 Be7 16. Bb2 O-O 17. Rad1 Ngf6 18. Ne5 Rfd8 19. Rfe1 Nxe5 20. dxe5 Nd7
21. f4 Nc5 22. Ba3 Kf8 23. Kf1 Nd3 24. Bxe7+ Kxe7 25. Re4 g6 26. Ke2 Nb4 27. a3
Nc2 28. a4 c5 29. Nf1 Nd4+ 30. Ke1 Nxb3 31. Rb1 Na5 32. Ne3 b6 33. g4 Rd4 34.
Rxd4 cxd4 35. Nc2 Rc8 36. Nxd4 Rxc4 37. Nb5 Rxa4 38. Nd6 Rxf4 39. Rc1 Rxg4 40.
Rc7+ Kd8 41. Rxa7 Nc4 42. Nxf7+ Ke8 43. Nd6+ Nxd6 44. exd6 Rd4 45. Re7+ Kd8 46.
Rxe6 Kd7 47. Re7+ Kxd6 48. Rxh7 Kc5 49. Rg7 Rd6 50. h4 b5 51. Rh7 b4 52. h5 gxh5
53. Rxh5+ Rd5 54. Rh8 b3 55. Rb8 Kc4 56. Ke2 Kc3 57. Rc8+ Kb2 58. Rb8 Kc2 59.
Rc8+ Kb1 60. Rb8 b2 61. Rb7 Ra5 62. Kd2 Ka1 63. Kc3 b1=Q 64. Rb5 Rxb5 0-1

[Event "Titled Tue 17th Jun Early"]
[Site "chess.com INT"]
[Date "2025.06.17"]
[Round "8"]
[White "Radchenko, Alexey"]
[Black "Topencik, Bruno"]
[Result "1-0"]
[WhiteTitle "FM"]
[BlackTitle "FM"]
[WhiteElo "2290"]
[BlackElo "2276"]
[WhiteFideId "4192362"]
[BlackFideId "23716550"]
[EventDate "2025.06.17"]

1. d4 Nf6 2. Nf3 e6 3. c4 b6 4. e3 Bb4+ 5. Bd2 Bxd2+ 6. Nbxd2 Bb7 7. Bd3 d5 8.
O-O O-O 9. Rc1 Nbd7 10. Re1 dxc4 11. Nxc4 Qe7 12. Nce5 Nxe5 13. Nxe5 Rac8 14.
Qa4 a6 15. a3 c5 16. h3 b5 17. Qd1 h6 18. dxc5 Rxc5 19. f4 Rfc8 20. Qd2 Kf8 21.
Kh2 Qd6 22. Qb4 Qe7 23. Rcd1 Rd5 24. Qb3 Rcd8 25. Be2 Rxd1 26. Rxd1 Rxd1 27.
Qxd1 Ke8 28. Bf3 Bxf3 29. Qxf3 Qa7 30. Qc6+ Kf8 31. Qc8+ Ne8 32. Nd7+ Ke7 33.
Nc5 Qc7 34. Qxc7+ Nxc7 35. b4 Kd6 36. Kg3 Kd5 37. Kf3 Kc4 38. Ke4 Kc3 39. Ke5
Kb2 40. Kd6 Nd5 41. Nxa6 Kxa3 42. Kc5 Ka4 43. e4 Nxf4 44. Nc7 Nd3+ 45. Kb6 Nxb4
46. Nxb5 Nd3 47. Nd6 Kb4 48. Nxf7 Nc5 49. e5 Nd3 50. Kc6 Kc4 51. Kd6 Nf4 52. g3
Nxh3 53. Kxe6 Kd4 54. Kf5 Nf2 55. e6 Ne4 56. e7 Nf6 57. Nd6 Kd5 58. e8=Q Nxe8
59. Nxe8 g5 60. Nf6+ Kd4 61. g4 Ke3 62. Kg6 Kf4 63. Kxh6 1-0

[Event "Titled Tue 17th Jun Early"]
[Site "chess.com INT"]
[Date "2025.06.17"]
[Round "8"]
[White "Mikhalsky, Vladimir"]
[Black "Kapra, Jerjis"]
[Result "0-1"]
[WhiteElo "2219"]
[BlackElo "2055"]
[WhiteFideId "14144352"]
[BlackFideId "2640341"]
[EventDate "2025.06.17"]

1. c4 c5 2. Nf3 Nc6 3. d4 cxd4 4. Nxd4 Nf6 5. Nc3 e6 6. Nxc6 bxc6 7. g3 d5 8.
Bg2 Be7 9. O-O O-O 10. Qa4 Bd7 11. Rd1 Qb6 12. b3 Rfd8 13. Be3 c5 14. Qa3 d4 15.
Bxa8 dxe3 16. Bf3 exf2+ 17. Kxf2 a6 18. Rd3 Re8 19. Rad1 Bc8 20. Qa4 Kf8 21. Qc6
Qb8 22. Na4 e5 23. Nxc5 Qa7 24. b4 e4 25. Rd8 Bxd8 26. Qxc8 Bb6 27. Qc6 exf3 28.
Kxf3 Bxc5 29. bxc5 Qe7 30. Qd6 Rc8 31. Qxe7+ Kxe7 32. Rd6 Ra8 33. Rb6 Nd7 34.
Rb7 Rc8 35. Ra7 Rxc5 36. Rxa6 Rxc4 37. Ra7 f5 38. e3 g5 39. h3 h5 40. a4 Ke6 41.
Ra6+ Ke5 42. Rh6 g4+ 43. Ke2 Rxa4 44. Rxh5 Nf6 45. Rh6 Ra2+ 46. Kd3 gxh3 47.
Rxh3 Ne4 48. Kc4 Rc2+ 49. Kd3 Rd2+ 50. Kc4 Rg2 51. Rh8 Rxg3 52. Re8+ Kf6 53. Kd4
Rg7 54. Rf8+ Rf7 55. Rh8 Rd7+ 56. Kc4 Kg5 57. Rf8 Kg4 58. Rg8+ Kf3 59. Rf8 Kxe3
60. Rxf5 Nd6+ 61. Kd5 Nxf5+ 62. Ke6 Rd4 63. Kxf5 Re4 0-1

[Event "Titled Tue 17th Jun Early"]
[Site "chess.com INT"]
[Date "2025.06.17"]
[Round "8"]
[White "Krzywda, Andrzej"]
[Black "Dann, Matthias"]
[Result "1/2-1/2"]
[WhiteTitle "CM"]
[BlackTitle "IM"]
[WhiteElo "2175"]
[BlackElo "2446"]
[WhiteFideId "1114565"]
[BlackFideId "24638056"]
[EventDate "2025.06.17"]

1. e4 d5 2. exd5 Qxd5 3. Nc3 Qa5 4. d4 Nf6 5. Nf3 Bf5 6. Bd2 c6 7. Bc4 e6 8. Nd5
Qd8 9. Nxf6+ gxf6 10. O-O Nd7 11. Re1 Nb6 12. Bf1 Qc7 13. Nh4 Bg6 14. g3 O-O-O
15. c3 f5 16. a4 Nd5 17. a5 a6 18. Qf3 c5 19. dxc5 Bxc5 20. Ng2 e5 21. Bg5 f6
22. Bh6 f4 23. Qe2 Rhg8 24. Red1 fxg3 25. hxg3 Bf5 26. Ne3 Bxe3 27. Bxe3 Bg4 28.
f3 e4 29. Rxd5 Qxg3+ 30. Qg2 Qxg2+ 31. Bxg2 Bxf3 32. Rxd8+ Kxd8 33. b4 Rxg2+ 34.
Kf1 Kd7 35. c4 Rc2 36. Rc1 Be2+ 37. Kf2 Rxc1 38. Bxc1 Bxc4 39. Ke3 f5 40. Kd4
Bf1 41. Ke5 Bh3 42. Bf4 h5 43. Kd5 Bg4 44. Kc5 h4 45. b5 axb5 46. Kxb5 h3 47.
Kc4 Kc6 48. Kd4 Bf3 49. Ke3 Kb5 50. Bc7 Bg2 51. Kf2 Bf3 52. Ke3 Bg4 53. Kf2 Ka6
54. Ke3 Kb5 55. Kf2 Kc4 56. Ke3 Kc3 57. Bh2 Kc4 58. Bc7 Bf3 59. Bh2 Kb5 60. Bc7 1/2-1/2

[Event "Titled Tue 17th Jun Early"]
[Site "chess.com INT"]
[Date "2025.06.17"]
[Round "8"]
[White "Salimova, Asal"]
[Black "Rosenbecker, Daniel"]
[Result "1-0"]
[WhiteTitle "WCM"]
[BlackTitle "CM"]
[WhiteElo "2063"]
[BlackElo "2109"]
[WhiteFideId "14204940"]
[BlackFideId "1718959"]
[EventDate "2025.06.17"]

1. d4 Nf6 2. Bf4 b6 3. e3 Bb7 4. c4 d6 5. Nc3 e6 6. Nf3 Be7 7. Bd3 O-O 8. O-O c5
9. d5 e5 10. Bg3 Bc8 11. Nd2 Bg4 12. f3 Bh5 13. Qc2 Bg6 14. f4 Bxd3 15. Qxd3
Nfd7 16. fxe5 Nxe5 17. Bxe5 dxe5 18. d6 Qxd6 19. Nd5 Nc6 20. Ne4 Qg6 21. Kh1
Rad8 22. Qc2 Bg5 23. Qa4 Nb4 24. Nxg5 Qxg5 25. Rf5 Qh6 26. e4 Nxd5 27. cxd5 a5
28. Raf1 f6 29. Qc6 Rb8 30. Qe6+ Kh8 31. R5f3 Qg6 32. Re1 Rfe8 33. Qd6 Qf7 34.
Rh3 Red8 35. Qc6 Qd7 36. Qxd7 Rxd7 37. a4 b5 38. axb5 Rxb5 39. Rc3 h6 40. h3
Rxb2 41. Rxc5 Rb4 42. Rxa5 Kh7 43. Ra3 h5 44. Kh2 h4 45. Rf3 Kg6 46. Re2 Ra7 47.
g3 Raa4 48. Rfe3 hxg3+ 49. Kxg3 Kf7 50. Kf3 Rd4 51. Rc2 Ra7 52. Rec3 Rd7 53. Rc7
Rd3+ 54. Kg4 Rxc7 55. Rxc7+ Kg6 56. h4 Rd4 57. h5+ Kh6 58. Kf5 Kxh5 59. Rxg7 Kh6
60. Rg4 1-0

[Event "Titled Tue 17th Jun Early"]
[Site "chess.com INT"]
[Date "2025.06.17"]
[Round "8"]
[White "Tulendinov, Dinmukhammed"]
[Black "Sahib, Singh"]
[Result "0-1"]
[WhiteTitle "FM"]
[BlackTitle "FM"]
[WhiteElo "2104"]
[BlackElo "2407"]
[WhiteFideId "13730860"]
[BlackFideId "25618342"]
[EventDate "2025.06.17"]

1. e4 e5 2. Nf3 Nc6 3. Bc4 Nf6 4. d3 Bc5 5. c3 O-O 6. O-O d5 7. exd5 Nxd5 8. Re1
Bg4 9. h3 Bh5 10. a4 a5 11. Nbd2 Nf4 12. Ne4 Bb6 13. d4 Kh8 14. Bxf4 exf4 15.
Ned2 g5 16. Qc2 f6 17. Bd3 Qd7 18. Bf5 Qf7 19. Qb3 Rae8 20. Qxf7 Bxf7 21. Kf1
Kg7 22. Rxe8 Rxe8 23. Re1 Rxe1+ 24. Kxe1 Ne7 25. Be4 c6 26. Bd3 h6 27. Bc4 Bg6
28. Ke2 Bc7 29. Bd3 Be8 30. b3 h5 31. c4 Bb6 32. Bc2 g4 33. hxg4 hxg4 34. Nh2
Bh5 35. f3 g3 36. Nhf1 Bxd4 37. Ne4 Be5 38. Nc5 b6 39. Nd7 Bd4 40. Kd3 c5 41.
Nxb6 Bg6+ 42. Kd2 Bf7 43. Be4 f5 44. Bd3 Kf6 45. Ke2 Be6 46. Na8 Ke5 47. Nc7 Bf7
48. Nb5 Bb2 49. Nd2 Nc6 50. Nf1 Be6 51. Kd2 Nb4 52. Bb1 Bd7 53. Ke2 Bc6 54. Kd2
Bxf3 55. Ke1 Bxg2 56. Nd2 f3 57. Nc7 Bc3 0-1

[Event "Titled Tue 17th Jun Early"]
[Site "chess.com INT"]
[Date "2025.06.17"]
[Round "8"]
[White "Ristic, Nebojsa M"]
[Black "Altynbek, Aiaru"]
[Result "1-0"]
[WhiteTitle "IM"]
[BlackTitle "WFM"]
[WhiteElo "2248"]
[BlackElo "1977"]
[WhiteFideId "900850"]
[BlackFideId "13752472"]
[EventDate "2025.06.17"]

1. d4 d5 2. Bf4 c5 3. e3 Nc6 4. Nf3 Nf6 5. Nbd2 e6 6. c3 Nh5 7. Be5 Nxe5 8. dxe5
g6 9. Be2 Ng7 10. O-O Be7 11. e4 O-O 12. Re1 b6 13. Qc2 Bb7 14. a4 Qc7 15. a5
Rfd8 16. Bb5 a6 17. axb6 Qxb6 18. Bf1 Nh5 19. g3 Qc7 20. exd5 Rxd5 21. Bg2 Rdd8
22. Ne4 Ng7 23. Qe2 Nf5 24. g4 Ng7 25. Qe3 Bxe4 26. Qxe4 Rab8 27. Re2 a5 28. Qf4
h5 29. h3 Rd3 30. Ne1 Rd7 31. Bf3 h4 32. Qe4 Rbd8 33. Qa4 Bg5 34. Qxa5 Qb8 35.
Qxc5 Bf4 36. Ra4 Rc7 37. Qb4 Qc8 38. Qxf4 Qd7 39. Rd4 Qc8 40. Rxd8+ Qxd8 41. Rd2
Qb8 42. Qd4 Kh7 43. Kg2 Qb3 44. Bd1 Qb5 45. Bf3 Rc4 46. Qd3 Qc5 47. b4 Qc7 48.
Rc2 Rf4 49. Qe3 Rc4 50. Nd3 Rxc3 51. Rxc3 Qxc3 52. b5 Qc7 53. b6 Qb7 54. Bxb7 1-0

[Event "Titled Tue 17th Jun Early"]
[Site "chess.com INT"]
[Date "2025.06.17"]
[Round "8"]
[White "Iniyan, Pa"]
[Black "Zakirov, Musa"]
[Result "1-0"]
[WhiteTitle "GM"]
[BlackTitle "FM"]
[WhiteElo "2573"]
[BlackElo "2209"]
[WhiteFideId "25002767"]
[BlackFideId "44189222"]
[EventDate "2025.06.17"]

1. c4 e5 2. Nf3 Nc6 3. g3 d5 4. cxd5 Qxd5 5. Bg2 Nf6 6. O-O Qd8 7. b4 Bd6 8. Bb2
Qe7 9. b5 Nd8 10. d3 O-O 11. Nbd2 a6 12. a4 Bd7 13. Qb3 Be6 14. Qc2 Bd7 15. Nc4
Re8 16. Nfxe5 Bxe5 17. Nxe5 axb5 18. Nxd7 Qxd7 19. Bxf6 gxf6 20. axb5 Rxa1 21.
Rxa1 Qxb5 22. Qxc7 Qe5 23. Qxe5 fxe5 24. Ra8 Kf8 25. Rb8 h6 26. Bxb7 Ne6 27.
Rxe8+ Kxe8 28. Kg2 Ke7 29. Bd5 Nd4 30. e3 Nc2 31. Kf3 f5 32. g4 Nb4 33. Bc4 Kf6
34. h3 Kg5 35. Kg3 f4+ 36. exf4+ exf4+ 37. Kf3 Nc6 38. h4+ Kxh4 39. Kxf4 Nd4 40.
Ke4 Ne2 41. Be6 Kg5 42. d4 Nc3+ 43. Ke5 Kg6 44. f4 Kg7 45. d5 Kf8 46. d6 Nb5 47.
f5 Ke8 48. f6 Na7 49. d7+ Kd8 50. f7 Nc6+ 51. Kd6 1-0

[Event "Titled Tue 17th Jun Early"]
[Site "chess.com INT"]
[Date "2025.06.17"]
[Round "8"]
[White "Skliarov, Viktor"]
[Black "Reshetnikov, Alexey"]
[Result "1/2-1/2"]
[WhiteTitle "IM"]
[BlackTitle "IM"]
[WhiteElo "2334"]
[BlackElo "2492"]
[WhiteFideId "14106736"]
[BlackFideId "4162080"]
[EventDate "2025.06.17"]

1. e4 c5 2. Nf3 Nc6 3. Bb5 e6 4. Bxc6 bxc6 5. d3 Ne7 6. Qe2 Qc7 7. O-O e5 8. c3
Ng6 9. d4 cxd4 10. cxd4 d6 11. h3 Be7 12. Nc3 O-O 13. dxe5 dxe5 14. Be3 Be6 15.
Rac1 Rfd8 16. b3 c5 17. Na4 c4 18. bxc4 Qc6 19. Qc2 Ba3 20. Rcd1 Qxc4 21. Qxc4
Bxc4 22. Rxd8+ Rxd8 23. Rb1 a6 24. Nc3 f6 25. Nd2 Bd3 26. Rb7 Nf4 27. Nb3 Rc8
28. Bxf4 exf4 29. Nd5 Bxe4 30. Ne7+ Kf8 31. Nxc8 Bxb7 32. Nb6 Bb4 33. f3 Ke7 34.
Kf2 Kd6 35. Ke2 Bc6 36. Nc4+ Kd5 37. Nb2 Bb5+ 38. Kf2 Bc3 39. Nd1 Bd4+ 40. Ke1
Bb6 41. Nc3+ Kc4 42. Nxb5 axb5 43. Kd2 Be3+ 44. Kc2 f5 45. Na5+ Kd4 46. Nb3+ Kc4
47. Na5+ Kb4 48. Nb3 Bb6 49. Kb2 Kc4 50. Kc2 g5 51. Kd2 h5 52. Kc2 g4 53. Kd2
Be3+ 54. Kc2 Bb6 55. Kd2 Ba7 56. Kc2 Bb8 57. Kd2 Be5 58. Kc2 Bd6 59. Kd2 Kb4 60.
Kc2 Bc5 61. Kb2 Bb6 62. Kc2 Ka3 63. Kb1 Kb4 64. Kc2 Kc4 1/2-1/2